Govt vocab Quiz Stats

 Plays Quiz not verified by Sporcle

Challenge
Share
Tweet
Embed
Score 0/192 Timer 20:00
0 Plays Today
% Correct
Elite
100%
Legitimacy
100%
Majoritarian Politics
100%
Pluralist theory
100%
Amendment
100%
Articles of Confederation
100%
Bill of Attainer
100%
Bill of Rights
100%
Declaration of Independence
100%
Federalist Papers
100%
New Jersey Plan
100%
Seperation of Powers
100%
US Constitution
100%
10th Amendment
100%
Block Grant
100%
Categorical Grant
100%
Necessary and Proper Clause
100%
Nullification
100%
Unitary System
100%
Civic Duty
100%
Equal Opportunity
100%
External Efficacy
100%
Liberty
100%
Opposition Party
100%
Democracy
85.7%
Direct Democracy
85.7%
Political Power
85.7%
Representative Democracy
85.7%
Grants in Aid
85.7%
checks and balances
85.7%
Devolution
85.7%
Conditions of Aid
85.7%
Sovereignty
85.7%
Class Consciousness
85.7%
Political Culture
85.7%
Search Warrant
85.7%
Political Ideology
85.7%
Work Ethic
85.7%
Clear and Present Danger
85.7%
Creationism
85.7%
Exclusionary Rule
85.7%
Libel
85.7%
Prior Restraint
85.7%
Sedition
85.7%
Slander
85.7%
Symbolic Speech
85.7%
De facto Segregation
85.7%
De jure Segregation
85.7%
Equality of Results
85.7%
NAACP
85.7%
nonviolent civil disobedience
85.7%
Reverse Discrimination
85.7%
Seperate but Equal Doctrine
85.7%
Conservative
85.7%
Liberal
85.7%
Libertarian
85.7%
Random Sample
85.7%
26th Amendment
85.7%
Activist
85.7%
Australian Ballot
85.7%
Electorate
85.7%
Grandfather Clause
85.7%
Republic
71.4%
Judicial Review
71.4%
% Correct
Revenue Sharing
71.4%
Political Efficacy
71.4%
Political Tolerance
71.4%
Establishment Clause
71.4%
Self-Incrimination
71.4%
Affirmative Action
71.4%
Equalility of Opportunity
71.4%
Poll
71.4%
Literacy Test
71.4%
Motor-voter bill
71.4%
Poll Tax
71.4%
Primary Elections
71.4%
Voter Registration
71.4%
Ex post facto law
57.1%
Faction
57.1%
Great Compromise
57.1%
Writ of Habeas Corpus
57.1%
Mandate
57.1%
Individualism
57.1%
Free Exercise Clause
57.1%
Caucus
57.1%
Initiative
57.1%
National Convention
57.1%
Plurality System
57.1%
Political Party
57.1%
Proportional
57.1%
Debate
57.1%
Direct Mail
57.1%
Federalism
42.9%
Virginia Plan
42.9%
Dual Federalism
42.9%
Internal Efficacy
42.9%
Freedom of Expression
42.9%
Freedom of Religion
42.9%
National Committee
42.9%
Referendum
42.9%
Winner take all
42.9%
Closed Primary
42.9%
Coattails
42.9%
General Election
42.9%
Incumbent
42.9%
Independent
42.9%
confederation
28.6%
Wall of Seperation
28.6%
Civil Rights
28.6%
Open Primary
28.6%
PAC
28.6%
Split ticket voting
28.6%
Grassroots
28.6%
Ideological Interest Group
28.6%
Democratic Centralism
14.3%
Due Process Clause
14.3%
Equal Protection Clause
14.3%
Strict Scrutiny
14.3%
Populist
14.3%
Campaign
14.3%
Factional Parties
14.3%
Ideological Parties
14.3%
Political Machine
14.3%
Two-party system
14.3%
Prospective Voting
14.3%
Realignment
14.3%
Retrospective Voting
14.3%
Runoff Election
14.3%
% Correct
Client Politics
14.3%
Institutional Interests
14.3%
Interst Group
14.3%
Lobbyist
14.3%
Material Incentives
14.3%
Political Cue
14.3%
Public-Interest Lobby
14.3%
Select Committee
14.3%
Purposive Incentive
14.3%
Social Movement
14.3%
Solidary Incentives
14.3%
Gatekeeping
14.3%
Investigative Reporting
14.3%
Loaded Language
14.3%
leak
14.3%
Market
14.3%
Muckraker
14.3%
Press Secretary
14.3%
Scorekeeper
14.3%
Soundbite
14.3%
Trial Balloon
14.3%
Watchdog
14.3%
Conference Committee
14.3%
Congressional Caucus
14.3%
Double-tracking
14.3%
Filibuster
14.3%
Gerrymandering
14.3%
Joint Committee
14.3%
Logrolling
14.3%
Majority Leader
14.3%
Malapportionment
14.3%
marginal district
14.3%
Minority Leader
14.3%
Open Rule
14.3%
Party Polarization
14.3%
Pork-barrel Legislation
14.3%
Quorum
14.3%
Quorum Call
14.3%
Rider
14.3%
Roll-Call Vote
14.3%
Sequential Referral
14.3%
Sophomore Surge
14.3%
Standing Committee
14.3%
Teller Vote
14.3%
Voice Vote
14.3%
Cabinet
14.3%
Electoral College
14.3%
Divided Govt
14.3%
Impeachment
14.3%
Lame duck
14.3%
Line Item Veto
14.3%
Pocket Veto
14.3%
Presidential Succession
14.3%
Pyramid Structure
14.3%
Unified Govt
14.3%
bureaucracy
14.3%
Iron Triangle
14.3%
Legislative Veto
14.3%
Amicus Curiae
14.3%
writ of certiorari
14.3%
Stare Decisis
14.3%
Pork Barrel Projects
14.3%
fiscal policy
14.3%
Means Test
14.3%

You're not logged in!

Compare scores with friends on all Sporcle quizzes.
Join for Free
OR
Log In

You Might Also Like...

Show Comments

Extras

Created Apr 16, 2012ReportNominate
Tags:Clickable Quiz, govt

Top Quizzes Today


Score Distribution

Your Account Isn't Verified!

In order to create a playlist on Sporcle, you need to verify the email address you used during registration. Go to your Sporcle Settings to finish the process.

Report this User

Report this user for behavior that violates our Community Guidelines.

Details: